000 00862nas a2200253Ia 4500
001 R703/49361
003 IT-RoPAU
008 151124c99999999xx |||||||||||| ||und||
040 _aIT-RoPAU
040 _cIT-RoPAU
041 _aINGLESE
100 _aWashabaugh William
_gCodice Aut. SPICS: 19368
210 _aSEMIOTICA
222 _aSemiotica
245 _aSEMIOTICA, VOL.62-N.1/2 (1986)
_bAcquisition Of Communicative Skills By The Deaf Of Providence Island (The)
250 _a1a ed.
260 _aAMSTERDAM
_bMOUTON
_c1986
501 _bPaulus - SPICS - Società San Paolo EM (non-commercial uses only)
_cCopyright2015
300 _a12 p. [179-190]
362 _aVOL.62, N.1/2 (1986)
500 _aAcquisizione dell'Abilità Comunicativa da Parte dei Sordi dell'Isola Providence.
650 _aSEMIOTICA
_vPUBBLICAZIONE PERIODICA
942 _cCR
999 _c186405
_d186405